01697cam a22003378i 450000100090000000300050000900500170001400800410003101000170007202000290008904000290011804200080014705000230015508200240017810000290020224500700023125000190030126300090032026400490032930000280037833600260040633700280043233800270046050400510048750504630053865000480100165000740104965000490112370000420117277601450121420913606CSPC20241021105906.0190402s2020 nju b 001 0 eng  a 2019015618 a9781119482178 (hardback) aDLCbengerdacDLCdCSPC apcc00aTK5104b.P725 202000a621.3825223bP888s1 aPratt, Timothy,eauthor.10aSatellite communications /cTimothy Pratt, and Jeremy E. Allnutt. aThird edition. a1909 1aHoboken, NJ :bJohn Wiley & Sons Ltd,c2020. axv, 747 pages ;c25 cm. atextbtxt2rdacontent aunmediatedbn2rdamedia avolumebnc2rdacarrier aIncludes bibliographical references and index.0 aIntroduction -- Orbital mechanics and launchers -- Satellites -- Satellite link design -- Digital transmission and error control -- Modulation and multiple access -- Propagation effects and their impact on satellite-earth links -- Low throughput systems and small satellites -- NGSO satellite systems -- Direct broadcast satellite television and radio -- Satellite internet -- Satellite navigation and the Global Positioning System -- Glossary -- Appendices. 0aArtificial satellites in telecommunication. 0aArtificial satellites in telecommunicationvProblems, exercises, etc. 0aTelecommunicationvProblems, exercises, etc.1 aAllnutt, J. E.q(Jeremy E.),eauthor.08iOnline version:aPratt, Timothy, author.tSatellite communicationsb3rd edition.dHoboken, NJ : Wiley, 2020z9781119482147w(DLC) 2019018672